Anales de Aragon : dese el año MDXXV ... hasta el de MDXL : añade[n]se primero algunas noticias muy importantes desde el año MDXVI hasta el de MDXXV / por el Dr. Diego Iosef Dormer ... dese el año MDXXV ... hasta el de MDXL :
Descripción Física:
[72], 700, [44] p., [1]f. de làm. ; 30 cm
Materias:
Corona catalanoaragonesa -- Història
MARC
| LEADER | 00000nam a2200000Ia 4500 | ||
|---|---|---|---|
| 001 | 14678 | ||
| 008 | 160829s1697 xx 000 0 cat d | ||
| 080 | |a R-12-172 | ||
| 100 | |a Dormer, Diego José |9 24163 | ||
| 245 | |a Anales de Aragon : |b dese el año MDXXV ... hasta el de MDXL : |b añade[n]se primero algunas noticias muy importantes desde el año MDXVI hasta el de MDXXV / por el Dr. Diego Iosef Dormer ... | ||
| 260 | |a [Zaragoza] : |b por los Herederos de Diego Dormer, |c 1697 | ||
| 300 | |a [72], 700, [44] p., [1]f. de làm. ; |c 30 cm | ||
| 590 | |a Port. gravada per Iuan Renedo, F. | ||
| 650 | |a Corona catalanoaragonesa |x Història |9 37576 | ||
| 901 | |a Arxiu | ||
| 942 | |n 1 | ||
| 952 | |0 0 |1 0 |4 0 |6 R12172 |7 1 |9 43006 |a Arxiu |b Arxiu |d 2016-12-01 |l 0 |o R-12-172 |p 14678 |r 2016-12-01 00:00:00 |w 2016-12-01 |y ARXIU | ||
| 999 | |c 45549 |d 45549 | ||